<?xml version="1.0" encoding="UTF-8"?>
<record
    xmlns:xsi="http://www.w3.org/2001/XMLSchema-instance"
    xsi:schemaLocation="http://www.loc.gov/MARC21/slim http://www.loc.gov/standards/marcxml/schema/MARC21slim.xsd"
    xmlns="http://www.loc.gov/MARC21/slim">

  <leader>00834nam a22001937a 4500</leader>
  <controlfield tag="005">20250821125709.0</controlfield>
  <datafield tag="010" ind1=" " ind2=" ">
    <subfield code="a">HIN-129844</subfield>
  </datafield>
  <datafield tag="020" ind1=" " ind2=" ">
    <subfield code="c">500.00</subfield>
    <subfield code="a">9788193498866</subfield>
  </datafield>
  <datafield tag="035" ind1=" " ind2=" ">
    <subfield code="a">HN-102190</subfield>
  </datafield>
  <datafield tag="037" ind1=" " ind2=" ">
    <subfield code="b">DBAD</subfield>
  </datafield>
  <datafield tag="082" ind1=" " ind2=" ">
    <subfield code="a">613.7</subfield>
  </datafield>
  <datafield tag="100" ind1=" " ind2=" ">
    <subfield code="a">&#x92D;&#x926;&#x94C;&#x930;&#x93F;&#x92F;&#x93E;, &#x913;&#x92E; &#x92A;&#x94D;&#x930;&#x915;&#x93E;&#x936; </subfield>
    <subfield code="9">84204</subfield>
  </datafield>
  <datafield tag="245" ind1=" " ind2=" ">
    <subfield code="a">&#x906;&#x930;&#x94B;&#x917;&#x94D;&#x92F; &#x91A;&#x947;&#x924;&#x928;&#x93E; /</subfield>
    <subfield code="c">&#x913;&#x92E; &#x92A;&#x94D;&#x930;&#x915;&#x93E;&#x936; &#x92D;&#x926;&#x94C;&#x930;&#x93F;&#x92F;&#x93E; &#x90F;&#x935;&#x902;  &#x935;&#x93F;&#x926;&#x94D;&#x92F;&#x93E;&#x935;&#x924;&#x940; &#x92D;&#x926;&#x94C;&#x930;&#x93F;&#x92F;&#x93E;  </subfield>
  </datafield>
  <datafield tag="250" ind1=" " ind2=" ">
    <subfield code="a">&#x92A;&#x94D;&#x930;&#x925;&#x92E; </subfield>
  </datafield>
  <datafield tag="260" ind1=" " ind2=" ">
    <subfield code="a">&#x92E;&#x947;&#x930;&#x920; ,</subfield>
    <subfield code="b">&#x936;&#x93F;&#x935;&#x93E;&#x902;&#x917;&#x940; &#x92C;&#x941;&#x915;&#x94D;&#x938; ,</subfield>
    <subfield code="c"> </subfield>
  </datafield>
  <datafield tag="270" ind1=" " ind2=" ">
    <subfield code="a">57-&#x90F;, &#x92A;&#x94D;&#x930;&#x925;&#x92E; &#x924;&#x932;, &#x928;&#x94D;&#x92F;&#x942; &#x906;&#x930;&#x94D;&#x92F; &#x928;&#x917;&#x930;, &#x91C;&#x947;&#x932; &#x930;&#x94B;&#x921; ,</subfield>
    <subfield code="b">&#x92E;&#x947;&#x930;&#x920; ,</subfield>
    <subfield code="e">250002</subfield>
  </datafield>
  <datafield tag="300" ind1=" " ind2=" ">
    <subfield code="a">207&#x92A;&#x943;.</subfield>
    <subfield code="c">22.5&#x938;&#x947;&#x92E;&#x940; ( &#x938;&#x91C;&#x93F;&#x932;&#x94D;&#x926; )</subfield>
  </datafield>
  <datafield tag="942" ind1=" " ind2=" ">
    <subfield code="2">ddc</subfield>
    <subfield code="c">HN</subfield>
    <subfield code="h">613.7</subfield>
    <subfield code="m">&#x92D;&#x926;&#x94C;&#x930;&#x93F;</subfield>
  </datafield>
  <datafield tag="999" ind1=" " ind2=" ">
    <subfield code="c">211818</subfield>
    <subfield code="d">211818</subfield>
  </datafield>
  <datafield tag="952" ind1=" " ind2=" ">
    <subfield code="0">0</subfield>
    <subfield code="1">0</subfield>
    <subfield code="4">0</subfield>
    <subfield code="7">0</subfield>
    <subfield code="8">NFIC</subfield>
    <subfield code="a">ZLS</subfield>
    <subfield code="b">ZLS</subfield>
    <subfield code="d">2025-06-16</subfield>
    <subfield code="e">DBAD</subfield>
    <subfield code="g">500.00</subfield>
    <subfield code="l">0</subfield>
    <subfield code="o">613.7 &#x92D;&#x926;&#x94C;&#x930;&#x93F;</subfield>
    <subfield code="p">HN-102190</subfield>
    <subfield code="r">2025-06-16 00:00:00</subfield>
    <subfield code="t">1</subfield>
    <subfield code="v">500.00</subfield>
    <subfield code="w">2025-06-16</subfield>
    <subfield code="y">HN</subfield>
  </datafield>
</record>
